ბათუმის შოთა რუსთაველის სახელმწიფო უნივერსიტეტის ბიბლიოთეკა

Ask and it is Given. Learning to Manifest your Desires (ბიბ.ჩანაწერი № 47674)

000 -LEADER
fixed length control field 00525nam a2200217Ia 4500
001 - CONTROL NUMBER
control field 14543
003 - CONTROL NUMBER IDENTIFIER
control field GE_BSU
008 - FIXED-LENGTH DATA ELEMENTS--GENERAL INFORMATION
fixed length control field 181216s||||||||xx |||||||||||||| ||und||
020 ## - INTERNATIONAL STANDARD BOOK NUMBER
International Standard Book Number 1401904599
040 ## - CATALOGING SOURCE
Transcribing agency GE_BSU
080 ## - UNIVERSAL DECIMAL CLASSIFICATION NUMBER
Universal Decimal Classification number 1
100 ## - MAIN ENTRY--PERSONAL NAME
Personal name Chick,Esther and Jerry
245 ## - TITLE STATEMENT
Title Ask and it is Given. Learning to Manifest your Desires
260 ## - PUBLICATION, DISTRIBUTION, ETC.
Place of publication, distribution, etc. London
260 ## - PUBLICATION, DISTRIBUTION, ETC.
Name of publisher, distributor, etc. Hay House
260 ## - PUBLICATION, DISTRIBUTION, ETC.
Date of publication, distribution, etc. 2005
300 ## - PHYSICAL DESCRIPTION
Extent 314p.22cm.
653 ## - INDEX TERM--UNCONTROLLED
Uncontrolled term Ask and it is Given
653 ## - INDEX TERM--UNCONTROLLED
Uncontrolled term Learning to Manifest your Desires
942 ## - ADDED ENTRY ELEMENTS (KOHA)
Koha item type წიგნი
ეგზემპლარები
Withdrawn status Lost status Damaged status Not for loan Date acquired Barcode Date last seen Price effective from Koha item type
        2018-12-17 37506 2018-12-17 2018-12-17 წიგნი